000 00564nam a2200181 i 4500
001 27962
003 ES-MaACL
005 20230906153734.0
007 t|
008 030116s1965 fr ||||1| fre d
100 1 _aBaha'Allah.
_924657
245 1 3 _aLe livre de la certitude (Kitab-i-iqan) /
_cBaha'Allah ; traduction française par Hippolyte Dreyfus.
250 _a3ème ed.
260 _aParís :
_bPresses Universitaires de France,
_c1965.
300 _aXII, 144 p. ;
_c20 cm.
700 1 _aDreyfus, Hippolyte.
_945620
852 _aES-MaACL
_jF-7288
_bR.56685
999 _c27962
_d27962